Boite de nuit à Paris - Statistiques

Statistiques générales
  • Ce quiz a été pris 92 fois
  • Le résultat moyen est 4 sur 16
Statistiques - réponses
Par images Réponse % Correct
Pachamama
79%
Duplex
48%
Bridge
37%
Deflower
33%
Solum
27%
Yoyo
27%
Bonnie
23%
Boumboum
23%
Medellin
23%
Gate
19%
Arc
17%
Silencio
15%
Club Haussmann
13%
Cova
8%
La Nuit
8%
Red Light
8%
Aucun quiz correspondant
Distribution des résultats
% des personnes avec chaque résultat
Percentile par nombre de réponses
Votre historique - résultats
Vous n’avez pas pris ce quiz